पर्यावरण संरक्षण / (Record no. 56124)
[ view plain ]
| 000 -LEADER | |
|---|---|
| fixed length control field | 01077nam a22002057a 4500 |
| 005 - DATE AND TIME OF LATEST TRANSACTION | |
| control field | 20110901102144.0 |
| 010 ## - LCCN (DPL NO) | |
| LC control number | G-001132 |
| 020 ## - INTERNATIONAL STANDARD BOOK NUMBER | |
| International Standard Book Number | |
| Terms of availability | 40.00 |
| 035 ## - SYSTEM CONTROL NUMBER | |
| System control number | G-001132 |
| 037 ## - SOURCE OF ACQUISITION | |
| Source of stock number/acquisition | उपहार |
| 082 ## - DEWEY DECIMAL CLASSIFICATION NUMBER | |
| Classification number | 613.1 |
| 100 ## - MAIN ENTRY--PERSONAL NAME | |
| Personal name | शर्मा, पवित्र कुमार |
| 245 ## - TITLE STATEMENT | |
| Title | पर्यावरण संरक्षण / |
| Statement of responsibility, etc | पवित्र कुमार शर्मा |
| 260 ## - PUBLICATION, DISTRIBUTION, ETC. (IMPRINT) | |
| Place of publication, distribution, etc | जयपुर |
| Name of publisher, distributor, etc | वैशाली पब्लिकेशन |
| Date of publication, distribution, etc | 2009 |
| 270 ## - ADDRESS | |
| Address | 29ए, महाराणा प्रताप मार्ग, रिद्धी नगर, 200 फीट बाई पास, वैशाली नगर |
| City | जयपुर |
| Postal code | 302021 |
| Telephone number | |
| 300 ## - PHYSICAL DESCRIPTION | |
| Extent | 48पृ. |
| Other physical details | सचित्र |
| Dimensions | 22 सेमी (अजिल्द) |
| 942 ## - ADDED ENTRY ELEMENTS (KOHA) | |
| Source of classification or shelving scheme | Dewey Decimal Classification |
| Item type | Children Books |
| Classification part | 613.1 |
| Call number suffix | शर्माप |
| Withdrawn status | Lost status | Not for loan | Collection code | Home library | Current library | Date acquired | Source of acquisition | Cost, normal purchase price | Full call number | Barcode | Copy number | Cost, replacement price | Koha item type |
|---|---|---|---|---|---|---|---|---|---|---|---|---|---|
| Non-fiction | Katevara | Katevara | 01/09/2011 | उपहार | 40.00 | 613.1 शर्माप | G-001132 | 1 | 40.00 | Children Books |
